000 04027nam a22004335a 4500
005 20100310100523.0
010 _aENG-101485 B-423671-686
020 _a9788120341463
_c495.00
035 _aEN-85018
035 _a B-423671-686
037 _bDBAD/PUB
037 _bAllied Publishers
082 _a004.682
100 1 _aCurry, Ben.
_930823
245 1 0 _aMicrosoft Sharepoint 2010 administrator's pocket consultant /
_cby Ben Curry
260 _aNew Delhi
_bPHI Learning
_c2010
270 _aM-97, Connaught Circus
_bNew Delhi
_e110001
300 _axxiii,628p.
_c22cm. (pbk)
500 _aIncludes index
942 _2ddc
_cEN
_mCUR
_h004.682
999 _c46904
_d46904